| 000 | 00581nam a22001937a 4500 | ||
|---|---|---|---|
| 003 | CEME | ||
| 005 | 20210628203708.0 | ||
| 008 | 210322b xxu||||| |||| 00| 0 eng d | ||
| 020 | _a0-02-399293-X | ||
| 040 | _c. | ||
| 082 | _a621.381 REI'E | ||
| 100 |
_aReis, Ronald A _966892 |
||
| 245 | _aElectronic project design and fabrication | ||
| 250 | _a3RD | ||
| 260 |
_aENGLEWOOD CLIFFS _bPRENTICE HALL _c1995 |
||
| 300 | _aXV,449P, ILL | ||
| 650 |
_aELECTRONIC APPARATUS AND APPLIANCES-DESIGN AND CONSTRUCTION SCIENCE PROJECTS-DESIGN AND CONSTRUCTION _966893 |
||
| 942 |
_cBK _2ddc |
||
| 999 |
_c574761 _d574761 |
||